| 000 | 00408nam a22001577a 4500 | ||
|---|---|---|---|
| 003 | CEME | ||
| 005 | 20210628205251.0 | ||
| 008 | 210224b xxu||||| |||| 00| 0 eng d | ||
| 040 | _c. | ||
| 082 | _a621.815 SHA'M | ||
| 100 |
_aSharma, P. C Aggarwal, D. K _974671 |
||
| 245 | _aMachine design mechanical engineering design | ||
| 260 |
_aDELHI _bS. K. KATARIA _c1997 |
||
| 300 | _aVII,550P | ||
| 942 |
_cBK _2ddc |
||
| 999 |
_c580178 _d580178 |
||